[Event "Padova op-B 15th"]
[Site "Padova"]
[Date "2012.12.23"]
[Round "5"]
[White "Zanirato, Stefano"]
[Black "Simonetto, Andrea"]
[Result "0-1"]
[WhiteElo "1912"]
[BlackElo "1489"]
[PlyCount "92"]
[EventDate "2012.12.15"]
[EventType "swiss"]
[EventRounds "6"]
[EventCountry "ITA"]
[SourceTitle "EXT 2015"]
[Source "ChessBase"]
[SourceDate "2014.11.20"]
[SourceVersion "1"]
[SourceVersionDate "2014.11.20"]
[SourceQuality "1"]

1. e4 c6 2. d4 d5 3. Nc3 dxe4 4. Nxe4 Bf5 5. Ng3 Bg6 6. Nf3 Nf6 7. Ne5 Nbd7 8. Nxg6 hxg6 9. Bd3 e6 10. c3 Rc8 11. Bg5 Qc7 12. Qf3 Bd6 13. 0-0 Nh5 14. Rae1 Ndf6 15. h4 Bxg3 16. fxg3 Qxg3 17. Re3 Qxf3 18. Rexf3 Rf8 19. g4 Nxg4 20. Bxg6 Nhf6 21. Bd3 Rc7 22. Rg3 Rh8 23. Be2 Nh6 24. Bxh6 Rxh6 25. Rf4 Nd5 26. Rfg4 g6 27. c4 Nf6 28. Rf4 Nh5 29. Bxh5 Rxh5 30. Kg2 Rd7 31. Kf3 c5 32. Rgg4 cxd4 33. Rxd4 Rxd4 34. Rxd4 Ke7 35. b4 a5 36. a3 b6 37. Kg3 axb4 38. axb4 b5 39. c5 Rd5 40. Rxd5 exd5 41. Kf4 Ke6 42. Ke3 Ke5 43. Kd3 f5 44. Ke3 d4+ 45. Kd3 Kd5 46. Ke2 f4 0-1

[Event "Padova op-B 15th"]
[Site "Padova"]
[Date "2012.12.16"]
[Round "3"]
[White "Zanirato, Stefano"]
[Black "Liguori, Michele"]
[Result "1/2-1/2"]
[WhiteElo "1912"]
[BlackElo "1733"]
[PlyCount "76"]
[EventDate "2012.12.15"]
[EventType "swiss"]
[EventRounds "6"]
[EventCountry "ITA"]
[SourceTitle "EXT 2015"]
[Source "ChessBase"]
[SourceDate "2014.11.20"]
[SourceVersion "1"]
[SourceVersionDate "2014.11.20"]
[SourceQuality "1"]

1. e4 c5 2. Nf3 Nc6 3. Bb5 e6 4. 0-0 Nge7 5. d3 a6 6. Bxc6 Nxc6 7. c4 Be7 8. Nc3 d6 9. h3 0-0 10. Ne2 b6 11. Ng3 Bb7 12. Bd2 d5 13. Qe2 dxc4 14. dxc4 Nd4 15. Nxd4 cxd4 16. Qg4 g6 17. e5 b5 18. b3 Rc8 19. Bh6 Re8 20. Rad1 f5 21. exf6 Bxf6 22. Nh5 bxc4 23. Nxf6+ Qxf6 24. Rxd4 cxb3 25. axb3 Qf5 26. Rfd1 Qxg4 27. hxg4 Bd5 28. Ra1 Rc6 29. b4 Rc4 30. Rxc4 Bxc4 31. Rc1 Rc8 32. f4 Rc6 33. Kf2 Bd5 34. Rxc6 Bxc6 35. g3 Kf7 36. Ke3 Bb5 37. Kd4 Be2 38. g5 Bb5 1/2-1/2